00330nam a2200133Ia 450000500170000000800410001705000210005824500530007926000220013230000210015444000060017552100070018152600080018820140403134016.0140130s9999 xx 000 0 und d aPZ 7b.Ev93 1967 cEvslin, BernardaHeroes & monsters of greek myth bScholastic,c1967 a112 p. :c21 cm. v1 aG7 c870